|
|
|
|
| LEADER |
00844nam a2200181Ia 4500 |
| 001 |
135460 |
| 008 |
170722s9999 xx 000 0 und d |
| 020 |
|
|
|a 8188582115
|
| 100 |
|
|
|a Vasudevan Nair, M. T.
|
| 245 |
|
|
|a Kannanthalippookkalude kalam /
|
| 260 |
|
|
|a Thrissur :
|b Green books ,
|c 2003.
|
| 300 |
|
|
|a 152 p.
|
| 653 |
|
|
|a Malayalam Essays
|
| 942 |
|
|
|c GEN
|
| 999 |
|
|
|c 126756
|d 126756
|
| 952 |
|
|
|0 0
|1 0
|4 0
|6 O_326N34X_P3KRP34
|7 0
|8 KR
|9 179202
|a LIB
|b LIB
|d 2013-03-25
|e CBS
|o O32,6N34x P3(KR)-P3;4
|p 249825
|r 2017-08-12
|v 80.00
|w 2017-08-12
|y GEN
|
| 952 |
|
|
|0 0
|1 0
|4 0
|6 O_326N34X_P3KRP34
|7 0
|9 179203
|a LIB
|b LIB
|d 2013-03-25
|e CBS
|l 1
|o O32,6N34x P3(KR)-P3;4
|p 249826
|r 2019-03-26
|s 2019-03-07
|v 80.00
|w 2017-08-12
|y GEN
|
| 952 |
|
|
|0 0
|1 0
|4 0
|6 O_326N34X_P3KRP34
|7 0
|9 179204
|a LIB
|b LIB
|d 2013-03-25
|e SIB
|l 4
|o O32,6N34x P3(KR)-P3;4
|p 269310
|r 2019-01-17
|s 2018-12-19
|v 80.00
|w 2017-08-12
|y GEN
|